Регионална библиотека "Любен Каравелов" - Русе

Митническо право (Запис номер 73757)

MARC детайли
000 -Лидер
Контролно поле с фиксирана дължина 01532nam a2200349 c 4500
003 - Код на организацията, давaща контролен номер
Контролно поле BLK
005 - Дата и час на последна редакция
Контролно поле 20181122160558.0
008 - Елементи от данни с фиксирана дължина
fixed length control field 180408b bul|||||r ||||||| ||bul||
010 ## - Наследен системен номер
LC control number KNG00078152000
020 ## - Международен стандартен номер на книга ISBN
Международен стандартен номер на книга ISBN 954-649-925-0
-- издат.: Сиела Софт енд Паблишинг
040 ## - Източник на каталожния запис
Идентификатор на билиотеката - собственик на записа BLK
041 ## - Код за език
Код за езика на текст/звукозапис или на отделно заглавие Български
Код за езика КДБФ Български
080 ## - УДК
Текстов определител УДК Финансово право. Търговско дело. Митническо право. Данъчно право. Инвестиционни фондове. Борси, търговски посредници, банково дело, кредит, закупуване и др.
УДК код - определител по УДК 347.73
УДК определител (497.2)
УДК - код + определител 347.73(497.2)
100 1# - Редна дума - Автор
Автор Златарев, Емил Николов
Авторска отговорност първи автор
R(LIN) 366580
139 ## - Редно поле
Редна дума Златарев, Емил Николов
Авторски знак Златар - З 69
245 10 - Сведения за заглавието
Заглавие Митническо право
Редно поле (дума) Емил Николов Златарев.
257 ## - Страна на издаване
Страна на създаване/издаване България
260 ## - Област на издателските данни
-- София
Име на издателя, разпространителя и проч. Сиела Софт енд Паблишинг
Година на издаване 2006
300 ## - Физическа характеристика
Страници 280 с.
Размери/Мащаб 23 см
380 ## - Жанр
Жанр Обществени науки
500 ## - Общи забележки
Забележка Офс. изд. - Съдържа и Закон за митниците.
650 #4 - Допълнително описание по предмет – тема
Основно описание – тема или топоним Митническо право - България
9 (RLIN) 162391
653 ## - Ключова дума – ненормативна
Ключова дума митници
653 ## - Ключова дума – ненормативна
Ключова дума митническо право
653 ## - Ключова дума – ненормативна
Ключова дума законодателство
653 ## - Ключова дума – ненормативна
Ключова дума митнически контрол
852 ## - Местоположение
Форматна сигнатура Цб 235947
856 4# - Електронен адрес и достъп
Електронен формат pdf - файл
Път до файла /url/
856 4# - Електронен адрес и достъп
Електронен формат pdf - файл
Път до файла /url/
942 ## - АРТИКУЛИ
Вид на библиотечния материал Книги
Скрит в OPAC Не
Koha issues (borrowed), all copies 2
944 ## - СЪЗДАВАНЕ И РЕДАКЦИЯ на ЗАПИСА
Създаване/Редакция Създаване
Дата на регистрацията/редакция 05.10.2007
Служител, извършил регистрацията/редакцията Кети_Илиева
944 ## - СЪЗДАВАНЕ И РЕДАКЦИЯ на ЗАПИСА
Създаване/Редакция Редакция
Дата на регистрацията/редакция 04.01.2013
Служител, извършил регистрацията/редакцията
999 ## - СИСТЕМНИ КОНТРОЛНИ НОМЕРА
Koha biblionumber 73757
Koha biblioitemnumber 73757
Наличности
Код за отписване Код за изгубен артикул Код за повреда Коз за рестрикции Код за отдаване Артикулен № Име на библиотеката - собственик Име на библиотеката, в която се намира в момента Статус (Текущо местоположение) Дата на вписване в системата Местоположение - отдел Цена в лева Инвентарен номер Систематично азбучна сигнатура Баркод Номер на екземпляра Цена в евро Служебна бележка Служебен тип на артикула
  Не е изгубен Не е повреден без рестрикции ползва се в читалня 120012 Регионална библиотека "Любен Каравелов" Русе Регионална библиотека "Любен Каравелов" Русе Хранилище 2007-10-05 Основен фонд - ползва се само за читалня 9.00 120000717603 Цб 235947 120000717603 1 4.60 Дост: Pk Вид: Ф N: 9214 Дата: 01.10.2007 Книги
  Не е изгубен Не е повреден без рестрикции заемане за дома 120013 Регионална библиотека "Любен Каравелов" Русе Регионална библиотека "Любен Каравелов" Русе Заемна - подръчен фонд 2007-10-05 Заемна - подръчен фонд 9.00 120000717604 П 347.7/З 69 120000717604 2 4.60 Дост: Pk Вид: Ф N: 9214 Дата: 01.10.2007 Дата инв: 07.02.2018 Бележки инв: П2018 Книги
  Не е изгубен Не е повреден без рестрикции ползва се в читалня 120014 Регионална библиотека "Любен Каравелов" Русе Регионална библиотека "Любен Каравелов" Русе Читалня 2007-10-25 Читалня 9.00 120000718908 Ч 347/З 69 120000718908 3 4.60 Дост: Pk Вид: Ф N: 9800 Дата: 24.10.2007 Дата инв: 14.03.2017 Бележки инв: Ч2017 Книги
Vip Innovations Ltd, Rousse, Bulgaria 2025